Diseño, construcción y puesta en marcha de un sistema para el estudio de reacciones de catálisis heterogénea
Gorde:
| Egile nagusia: | |
|---|---|
| Beste egile batzuk: | |
| Formatua: | Liburua |
| Hizkuntza: | Spanish |
| Argitaratua: |
San José, Costa Rica
2019
|
| Gaiak: | |
| Etiketak: |
Etiketa erantsi
Etiketarik gabe, Izan zaitez lehena erregistro honi etiketa jartzen!
|
MARC
| LEADER | 00000nam a22000007a 4500 | ||
|---|---|---|---|
| 003 | 013003 | ||
| 005 | 20230524134453.0 | ||
| 008 | 190403b2019 c a|||| |m|| 00| ||spa d | ||
| 040 | |c cru CEDI | ||
| 100 | |9 555 |a Hodgson Cabezas, Jeyson Gabriel, 1992- | ||
| 245 | |a Diseño, construcción y puesta en marcha de un sistema para el estudio de reacciones de catálisis heterogénea | ||
| 260 | |a San José, Costa Rica |c 2019 | ||
| 300 | |a x, 194 hojas; ilustraciones | ||
| 500 | |a Proyecto de graduación(licenciatura en ingeniería química)--Universidad de Costa Rica. Facultad de Ingeniería. Escuela de Ingeniería Química | ||
| 501 | |a Directora de Proyecto de Graduación: Ing. Bárbara Miranda Morales, PhD | ||
| 650 | |x CATALIZADORES |x CATALISIS HETEROGENEAS |x ALCOHOL COMO COMBUSTIBLE |x REACCIONES QUIMICAS |x REACTORES QUIMICOS |x ETILENO - PRODUCCION | ||
| 700 | |9 24 |a Miranda Morales, Bárbara Cristina, 1983- |d Directora del TFG | ||
| 942 | |c CEDI |h TFG 8153 |6 TFG_8153_000000000000000 | ||
| 999 | |c 21643 |d 21643 | ||
